| 000 | 00600nam a2200205Ia 4500 | ||
|---|---|---|---|
| 003 | OSt | ||
| 005 | 20250927105840.0 | ||
| 008 | 210210b1988 xxu||||| |||| 00| 0 eng d | ||
| 040 | _cAL | ||
| 041 | _aKannada | ||
| 082 | _a398.2K UDUY | ||
| 100 |
_aUDUPA (K S). _dಉಡುಪ (ಕೆ ಎಸ್) _9240763 |
||
| 245 |
_aYakshagana simollanghana. _b ಯಕ್ಷಗಾನ ಸಿಮೋಲ್ಲಂಘನ. |
||
| 260 |
_aManipal. _bJagadguru Kripaposhita Makkala Mela., _c1988 |
||
| 300 | _a99 | ||
| 650 |
_aYakshagana _9240764 |
||
| 690 |
_aYakshagana _9240764 |
||
| 906 | _a041958 | ||
| 942 |
_2ddc _cBK |
||
| 999 |
_c91916 _d91916 |
||